02923cam a22003738i 4500999001700000001000900017003000900026005001700035008004100052020001800093040003300111082001700144100004000161245007600201250002000277264005600297300004600353336002600399337002800425338002700453500005600480500002300536504005100559520141700610650002202027650005602049653002302105655002402128700002902152776016702181906004502348942001202393952014402405 c29257d2922821240233EG-ScBUE20210727105831.0191011s2020 enka f bd 001 0 eng d a9780815353294 aDLCbengerdacDLCdEG-ScBUE04a414bDAV2221 aDavenport, Michael,d1954-eauthor.10aIntroducing phonetics and phonology /cMike Davenport and S.J. Hannahs. aFourth edition. 1aAbingdon, Oxon ;aNew York, NY :bRoutledge,c2020. axiii, 264 pages :billustrations ;c24 cm atextbtxt2rdacontent aunmediatedbn2rdamedia avolumebnc2rdacarrier aPrevious edition: London: Hodder Education, [2010]. aIncludes glossary. aIncludes bibliographical references and index. a"Intended for the absolute beginner, Introducing Phonetics and Phonology requires no previous background in linguistics, phonetics or phonology. Starting with a grounding in phonetics and phonological theory, the book provides a base from which more advanced treatments may be approached. It begins with an examination of the foundations of articulatory and acoustic phonetics, moves on to the basic principles of phonology, and ends with an outline of some further issues within contemporary phonology. Varieties of English, particularly Received Pronunciation and General American, form the focus of consideration, but aspects of the phonetics and phonology of other languages are discussed as well. This new edition includes: revised exercises and examples; additional coverage of typology, autosegmental phonology, and articulatory and acoustic phonetics; broader coverage of varieties that now features Australian English; and an extended chapter 7 that includes more information on the relationship between phonetics and phonology. Introducing Phonetics and Phonology 4th Edition remains the essential introduction for any students studying this topic for the first time. This new edition has been revised and updated throughout in light of advances in the field, without compromising the overall aims of the text: to provide an accessible introduction to phonetics and phonology"--cProvided by publisher. 7aPhonetics.2BUEsh 7aGrammar, Comparative and generalxPhonology.2BUEsh bHHUUEENNcJuly2021 vReading book9342321 aHannahs, S. J.,eauthor.08iOnline version:aDavenport, Michael, 1954-tIntroducing phonetics and phonologybFourth edition.dNew York, NY : Routledge, 2020.z9781351042789w(DLC) 2019045908 a7bcbccorignewd1eecipf20gy-gencatlg 2ddccBB 00102ddc40708AlahramaMAINbMAINc2NDd2021-07-27ePurchaseg719.00l0o414 DAVp000050424r2025-07-15 00:00:00v898.75w2021-07-27yBB